BIBLIOTECA

SENCICO

Mecánica de suelos y cimentaciones / (Registro nro. 823)

Detalles MARC
000 -LEADER
fixed length control field 01175nam a2200253Ia 4500
003 - CONTROL NUMBER IDENTIFIER
control field PE SENCICO BE
005 - DATE AND TIME OF LATEST TRANSACTION
control field 20251020182450.0
008 - FIXED-LENGTH DATA ELEMENTS--GENERAL INFORMATION
fixed length control field 200515s9999 xx 000 0 und d
020 ## - INTERNATIONAL STANDARD BOOK NUMBER
International Standard Book Number 978-968-18-6963-21.6
040 ## - CATALOGING SOURCE
Original cataloging agency PE SENCICO BE
Transcribing agency PE SENCICO BE
082 ## - DEWEY DECIMAL CLASSIFICATION NUMBER
Classification number 624.15136
Edition information 2008
Item number C85
100 1# - MAIN ENTRY--PERSONAL NAME
Personal name Crespo Villalaz, Carlos
9 (RLIN) 542
Relator term autor
245 10 - TITLE STATEMENT
Title Mecánica de suelos y cimentaciones /
Statement of responsibility, etc. Carlos Crespo Villalaz
250 ## - EDITION STATEMENT
Edition statement 6a ed.
260 ## - PUBLICATION, DISTRIBUTION, ETC.
Place of publication, distribution, etc. México, D.F.:
Name of publisher, distributor, etc. Limusa,
Date of publication, distribution, etc. 2008.
300 ## - PHYSICAL DESCRIPTION
Extent 644 p.:
Other physical details il., tbl., graf., fot.
Dimensions 23 cm.
505 2# - FORMATTED CONTENTS NOTE
Formatted contents note Mecánica de suelos -- Obtención de muestras de suelos -- Algunas características físicas de los suelos -- Relaciones volumétricas -- Plasticidad de los suelos -- Clasificación de los suelos -- Compactación -- Pruebas complementarias -- El agua en el suelo -- Estado de esfuerzos en las masas de los suelos.
520 ## - SUMMARY, ETC.
Summary, etc. El libro enfatiza temas relacionados con los cimientos y con la mecánica de suelos.
650 14 - SUBJECT ADDED ENTRY--TOPICAL TERM
Topical term or geographic name entry element Mecánica de suelos
9 (RLIN) 43
650 24 - SUBJECT ADDED ENTRY--TOPICAL TERM
Topical term or geographic name entry element Cimentaciones
9 (RLIN) 543
650 24 - SUBJECT ADDED ENTRY--TOPICAL TERM
Topical term or geographic name entry element Estudio de suelos
9 (RLIN) 155
942 ## - ADDED ENTRY ELEMENTS (KOHA)
Koha item type Libros
Source of classification or shelving scheme Dewey Decimal Classification
Classification part 624.15136
Item part C85
Edition 2008
Existencias
Fecha de la última vez que lo usaron Pago total Signatura topográfica completa Código de barras Precio efectivo desde Tipo de documento Estado perdido Sistema de clasificación Estado dañado No es para préstamo Retirado Ubicación permanente Ubicación actual Fecha de adquisición Número de ingreso o de inventario Número de ejemplar
15/05/2020   624.15136/C85/2008 Bib-Lima15050823 15/05/2020 Libros   Dewey Decimal Classification       Biblioteca Central Lima Biblioteca Central Lima 15/05/2020    
30/01/2023   624.15136/C85/2008/ej. 2   30/01/2023 Libros   Dewey Decimal Classification       Biblioteca Central Lima Biblioteca Central Lima 30/01/2023 16550 ej. 2